000 01313cpcaa2200277 4500
001 mm 82084616
003 DLC
005 20260227111717.0
008 820702|||||||||||| eng
010 _amm 82084616
040 _aDLC
_cDLC
_edacs
_dDLC
041 _aeng
_afre
_aspa
072 7 _aW
_2lcmd
245 0 0 _aU.S. claims commissions records,
_f1842-1908.
300 _a200
_fitems.
300 _a2
_fcontainers.
506 0 _aOpen to research.
520 8 _aMiscellaneous records of the U.S. Board of Commissioners for the Adjustment of French Spoliation Claims and the U.S. Spanish Treaty Claims Commission.
546 _aCollection material in English, French, and Spanish.
650 0 _aFrench spoliation claims.
650 0 _aSpanish-American War, 1898
_xClaims.
710 1 _aUnited States.
_bSpanish Treaty Claims Commission.
_tUnited States. Spanish Treaty Claims Commission records.
710 1 _aUnited States.
_bBoard of Commissioners for the Adjustment of French Spoliation Claims.
_tUnited States. Board of Commissioners for the Adjustment of French Spoliation Claims records.
999 _c43764
_d43764